000 00783nam a2200217Ii 4500
003 JO-AjNU
008 230605s9999||||xx |||||||||||||| ||und||
017 _a1978/4234
020 _a997-7236-66-2
040 _aJO-AjNU
_bara
_erda
_cJO-AjNU
041 _aara
050 1 4 _aBP 129.42.1978
100 3 _aالبهي: محمد,
_eauthor
_915664
245 0 0 _aالتفسير الموضوعي للقرآن الكريم : تفسير جزء عم: القرآن في مواجهة المادية
264 3 1 _aالقاهرة: مكتبة وهبة، 1978
300 _a132ص
_bيشتمل على فهرس
336 _atext
_btxt
_2rdacontent
337 _aunmediated
_bn
_2rdamedia
338 _avolume
_bnc
_2rdacarrier
650 4 _aجزء عم -تفسير - القران الكريم
_915665
999 _aA4475
_c8043
_d8043